| 000 | 00850nam a2200205 a 4500 | ||
|---|---|---|---|
| 003 | 0 | ||
| 005 | 20250414134923.0 | ||
| 008 | 970101s19uu xx 00 eng d | ||
| 050 |
_aPGS HV 4708 _b.J76 2004 |
||
| 100 | _aJones, Jennifer M. | ||
| 245 |
_aThe perception of grade five students of Southville International School and Colleges on the reasons and methods of killing animals / _cJennifer M. Jones. |
||
| 260 |
_aLas PiƱas City, Philippines : _bSouthville International School and Colleges, _c2004. |
||
| 300 |
_a32 pages : _billustrations ; _c28 cm. |
||
| 504 | _aIncludes bibliographical references. | ||
| 650 |
_aAnimal welfare. _vMoral and ethical aspects. |
||
| 650 |
_aChildren _vAttitudes toward animals. |
||
| 650 |
_aAnimal cruelty _vPsychological aspects. |
||
| 650 |
_aChildren _vAwareness of animal rights. |
||
| 942 |
_2lcc _cPASS |
||
| 999 |
_c96993 _d96993 |
||